Sports Quiz

Random Sports Quiz

Arsenal Euro Players Quiz Stats

 Plays Quiz not verified by Sporcle

Challenge
Share
Tweet
Embed
Score 0/53 Timer 10:00
0 Plays Today
% Correct
2000Thierry Henry
94.9%
2004Thierry Henry
94.9%
2016Olivier Giroud
94.3%
2016Mesut Özil
94.3%
2016Aaron Ramsey
94.3%
2012Tomáš Rosický
93.6%
2016Petr Čech
91.4%
2016Jack Wilshere
91.4%
2008Robin van Persie
90.4%
2012Robin van Persie
90.4%
2012Per Mertesacker
90.4%
2012Theo Walcott
90.4%
2012Nicklas Bendtner
89.7%
1988Tony Adams
89.1%
1996Tony Adams
89.1%
1996Dennis Bergkamp
89.1%
2000Tony Adams
89.1%
2000Fredrik Ljungberg
89.1%
2000Dennis Bergkamp
89.1%
2004Frederik Ljungberg
89.1%
2012Andrei Arshavin
89.1%
2016Tomáš Rosický
88.6%
2016Laurent Koscielny
88.6%
2004Robert Pirès
87.2%
2000Patrick Vieira
85.3%
2004Patrick Vieira
85.3%
2004Jens Lehmann
85.3%
% Correct
2008Jens Lehmann
85.3%
1996David Seaman
84.6%
2000David Seaman
84.6%
2008Cesc Fàbregas
84.6%
2012Santi Cazorla
84%
2012Laurent Koscielny
84%
2008Philippe Senderos
83.3%
2016Héctor Bellerín
82.9%
2000Martin Keown
82.7%
2012Olivier Giroud
82.7%
2000Marc Overmars
80.1%
2012Wojciech Szczęsny
78.8%
2012Alex Oxlade-Chamberlain
78.8%
2000Emmanuel Petit
77.6%
2004Sol Campbell
76.9%
2004Sylvain Wiltord
75%
2008Johan Djourou
75%
2008Łukasz Fabiański
75%
2004Ashley Cole
70.5%
1992Paul Merson
59.6%
2008William Gallas
56.4%
1992Alan Smith
48.1%
1992Anders Limpar
45.5%
1996David Platt
44.2%
1988Kenny Sansom
26.3%
1988Niall Quinn
17.3%

You're not logged in!

Compare scores with friends on all Sporcle quizzes.
Join for Free
OR
Log In

You Might Also Like...

Show Comments

Extras

Created Oct 14, 2014ReportNominate
Tags:Arsenal, cup, Cup UEFA, player, UEFA, UEFA Euro

Top Quizzes Today


Score Distribution

Your Account Isn't Verified!

In order to create a playlist on Sporcle, you need to verify the email address you used during registration. Go to your Sporcle Settings to finish the process.

Report this User

Report this user for behavior that violates our Community Guidelines.

Details: